000 00385nam a2200133Ia 4500
008 211119s9999||||xx |||||||||||||| ||und||
082 _a954 83 4
_bFRA-A
100 _aFrancis, P J
245 0 _aAlappuzha Kizhakkinte Venice
260 _bMathrubhumi Books
_a2011
_cKottayam
300 _a120p
650 _aHistory&geography
_vSOUTH Asia; IndiaMalayalam
_xGeneral Stack
942 _cBOOK
999 _c113823
_d113823